000 00968nas a2200313 4500
001 BR2016002210
003 BR-BrBNA
005 20231205130440.0
007 ta
008 230509b bl.|||p| |||| 00| 00por d
040 _aBR-BrBNA
_bpor
_cBiblioteca Nacional de Agricultura
041 _a(Pt)
072 _aL40
100 1 _aRibeiro, L. de A.
100 1 _aSouza, T.A.M. de
100 1 _aRibeiro, P.R.Q.
100 1 _aSantos, L.A. dos
100 1 _aSilva, D.C. de O.
100 1 _aSilva, F.O.C. e
100 1 _aBarros, R.A.C.
100 1 _aZanon, R.G.
245 1 _aTopografia de cone medular do Tamanduá-bandeira (Myrmecophaga tridactyla Linnaeus, 1758)
650 _aTAMANDUA
650 _aMEDULA ESPINAL
650 _aESTRUTURA ANIMAL
773 0 _tRevista Brasileira de Medicina Veterinária (Brazil)
_xISSN 0100-2430
_g(Oct-Dec 2015), v. 37(4) p. 353-358
_wBR2016002210
909 _a202311
_bLúcia
_c55
_dLúcia Elande
942 _2AGRIS
_n0
_cANA
999 _c249506
_d249506